Top Notch :

Top Notch, a dynamic 6 - level course for international communication, sets a new standard, using the natural language that people really speak. With a rock - soil learner - centered appoach, Top Notch provides students an opportunity to confirm their own progress at the end of every easy - to - tea...

Description complète

Enregistré dans:
Détails bibliographiques
Auteur principal: Saslow, Joan
Format: Livre
Langue:Undetermined
Publié: NewYork Pearson 2006
Sujets:
Tags: Ajouter un tag
Pas de tags, Soyez le premier à ajouter un tag!
Thư viện lưu trữ: Trung tâm Học liệu Trường Đại học Cần Thơ
LEADER 01002nam a2200217Ia 4500
001 CTU_134017
008 210402s9999 xx 000 0 und d
020 |c 66000 
082 |a 428.24 
082 |b S252/B.3 
100 |a Saslow, Joan 
245 0 |a Top Notch : 
245 0 |c Joan Saslow, Allen Ascher ; with Wendy Pratt Long 
260 |a NewYork 
260 |b Pearson 
260 |c 2006 
520 |a Top Notch, a dynamic 6 - level course for international communication, sets a new standard, using the natural language that people really speak. With a rock - soil learner - centered appoach, Top Notch provides students an opportunity to confirm their own progress at the end of every easy - to - teach two - page lesson. 
650 |a English language,English language,English language,Ngôn ngữ Anh,Ngôn ngữ Anh,Ngôn ngữ Anh 
650 |x Study and teaching,Học và dạy 
904 |i Đặng Cẩm Thuỳ 
980 |a Trung tâm Học liệu Trường Đại học Cần Thơ